000 00457nam a2200157Ia 4500
008 240729s9999 xx 000 0 und d
022 _a2772-3151
245 0 _aJournal of Surgical Specialties and Rural Practice
260 _aIndia
260 _bWolters Kluwer Medknow Publications
650 _a Public aspects of medicine
650 _aMedicine
856 _uhttps://doaj.org/toc/27f99369085846b193cc2f72ffc81c7a
942 _2ddc
942 _cDOAJEJ
999 _c73123
_d73123
945 _a1
_bMadushi Gamage
_c1
_dMadushi Gamage